| 000 | 01530nam0a2200373 i 4500 | ||
|---|---|---|---|
| 001 | RU\NLR\BIBL_A\010190530 | ||
| 005 | 20240921120010.0 | ||
| 010 |
_a9785912834141 _91000 |
||
| 021 |
_aRU _b2013-101589 _97057 |
||
| 035 | _a(NILC)RuMoRGB-006712217 | ||
| 035 | _a(NLR Aleph) 010190530 | ||
| 090 |
_a10195073 _c10195073 |
||
| 100 | _a20140213d2013 km y0rusy50 ca | ||
| 101 | 0 |
_arus _deng |
|
| 102 | _aRU | ||
| 105 | _ay|||j|||||||| | ||
| 200 | 1 |
_aПраво безопасности государства и мирового сообщества в III тысячелетии от Рождества Христова _eмонография _e(с элементами учебного пособия) _fЕ. Г. Ляхов, Д. Е. Ляхов, А. А. Алимов |
|
| 210 |
_aЧелябинск _cЦицеро _d2013 |
||
| 215 |
_a274 с. _d20 см |
||
| 300 | _aРез. на англ. яз. | ||
| 320 | _aБиблиогр.: с. 259-270 (150 назв.) | ||
| 606 | 1 |
_aБезопасность _xПравовые вопросы _92448155 _3RU\NLR\AUTH\661455822 |
|
| 675 | _a341.2 | ||
| 686 | 1 | _aХ621.163 | |
| 686 | 1 | _aХ811.12 | |
| 700 | 1 |
_aЛяхов _bЕ. Г. _gЕвгений Григорьевич _4070 |
|
| 701 | 1 |
_aЛяхов _bД. Е. _gДенис Евгеньевич _4070 |
|
| 701 | 1 |
_aАлимов _bА. А. _gАлимирзе Алимович _4070 |
|
| 801 | 0 |
_aRU _bRuMoRKP _c20131216 _gRCR |
|
| 801 | 2 |
_aRU _bРГБ _c20131225 _grcr |
|
| 942 | _cBOOK | ||
| 980 | _aNBR | ||